[Event "Moscow op-B"]
[Site "Moscow"]
[Date "2009.11.20"]
[Round "1"]
[White "Yuganova, Marina"]
[Black "Vardanian, Haik G"]
[Result "0-1"]
[WhiteElo "2000"]
[BlackElo "2269"]
[PlyCount "50"]
[EventDate "2009.01.31"]
[EventType "swiss"]
[EventRounds "9"]
[EventCountry "RUS"]
[SourceTitle "EXT 2012"]
[Source "ChessBase"]
[SourceDate "2011.11.24"]
[SourceVersion "1"]
[SourceVersionDate "2011.11.24"]
[SourceQuality "1"]

1. c4 Nf6 2. g3 c6 3. Bg2 d5 4. Qc2 g6 5. Nf3 Bg7 6. d3 0-0 7. Nbd2 Re8 8. Rb1 e5 9. e4 dxe4 10. dxe4 Bg4 11. c5 Nbd7 12. b4 Nf8 13. 0-0 Bh6 14. Bb2 Bxd2 15. Nxd2 Be2 16. Rfe1 Bd3 17. Qc3 Bxb1 18. Rxb1 N6d7 19. Nc4 Qc7 20. Bh3 b6 21. Nd6 Re7 22. Bc1 Ne6 23. Bxe6 Rxe6 24. Bg5 bxc5 25. bxc5 Nxc5 0-1

[Event "Moscow op-B"]
[Site "Moscow"]
[Date "2009.02.01"]
[Round "3"]
[White "Yuganova, Marina"]
[Black "Matveev, Mikhail1111"]
[Result "0-1"]
[WhiteElo "2000"]
[BlackElo "2245"]
[PlyCount "108"]
[EventDate "2009.01.31"]
[EventType "swiss"]
[EventRounds "9"]
[EventCountry "RUS"]
[SourceTitle "EXT 2012"]
[Source "ChessBase"]
[SourceDate "2011.11.24"]
[SourceVersion "1"]
[SourceVersionDate "2011.11.24"]
[SourceQuality "1"]

1. c4 Nf6 2. Nc3 c5 3. Nf3 e6 4. d4 cxd4 5. Nxd4 b6 6. e4 d6 7. Be2 Bb7 8. f3 Be7 9. 0-0 0-0 10. Be3 Nbd7 11. Nc2 a6 12. Qd2 Qc7 13. Rac1 Rac8 14. Rfd1 Rfe8 15. Bf1 Qb8 16. Qf2 Bd8 17. Rd2 Bc7 18. Rcd1 Rcd8 19. Bf4 Nf8 20. Nb4 Ng6 21. Bg5 d5 22. g3 dxe4 23. Bxf6 gxf6 24. Nxe4 Kg7 25. Bg2 f5 26. Nc3 f4 27. Ne2 h5 28. Nd3 e5 29. Kh1 Rh8 30. Nb4 b5 31. c5 Ba5 32. a3 h4 33. gxf4 h3 34. Bf1 Rxd2 35. Rxd2 exf4 36. Rd6 Bxb4 37. axb4 Re8 38. Nd4 Kg8 39. Bxh3 Re3 40. Bf5 Qe8 41. c6 Qe7 42. Rd7 Qh4 43. Qxh4 Nxh4 44. Kg1 Bxc6 45. Rd8+ Kg7 46. Nxc6 Nxf5 47. Rd5 Nh4 48. Nb8 Rxf3 49. Nxa6 Rb3 50. Rxb5 Rxb2 51. Rh5 Nf3+ 52. Kf1 Nxh2+ 53. Ke1 Kg6 54. Rh3 f3 0-1

[Event "Moscow op-B 04th"]
[Site "Moscow"]
[Date "2008.02.09"]
[Round "8"]
[White "Gorulev, Alexander"]
[Black "Yuganova, Marina"]
[Result "0-1"]
[WhiteElo "2133"]
[BlackElo "1954"]
[PlyCount "26"]
[EventDate "2008.02.02"]
[EventType "swiss"]
[EventRounds "9"]
[EventCountry "RUS"]
[SourceTitle "CBM 122 Extra"]
[Source "ChessBase"]
[SourceDate "2008.03.04"]
[SourceVersion "1"]
[SourceVersionDate "2008.03.04"]
[SourceQuality "1"]

1. e4 d5 2. exd5 Qxd5 3. Nc3 Qa5 4. Nf3 Nf6 5. d4 c6 6. Bd2 Qc7 7. Bd3 Bg4 8. h3 Bh5 9. Qe2 Nbd7 10. g4 Bg6 11. Bxg6 hxg6 12. 0-0-0 e6 13. g5 b6 0-1

[Event "Moscow op-B 04th"]
[Site "Moscow"]
[Date "2008.02.07"]
[Round "6"]
[White "Galynin, Dmitri"]
[Black "Yuganova, Marina"]
[Result "0-1"]
[WhiteElo "2078"]
[BlackElo "1954"]
[PlyCount "94"]
[EventDate "2008.02.02"]
[EventType "swiss"]
[EventRounds "9"]
[EventCountry "RUS"]
[SourceTitle "CBM 122 Extra"]
[Source "ChessBase"]
[SourceDate "2008.03.04"]
[SourceVersion "1"]
[SourceVersionDate "2008.03.04"]
[SourceQuality "1"]

1. c4 c5 2. Nc3 Nf6 3. g3 d5 4. cxd5 Nxd5 5. Bg2 Nc7 6. d3 e5 7. Nf3 Nc6 8. 0-0 Be7 9. b3 0-0 10. Bb2 Be6 11. Rc1 Rc8 12. Ne4 Qd5 13. Nfd2 Qd7 14. Nxc5 Bxc5 15. Rxc5 Nd5 16. Ne4 f6 17. Qd2 b6 18. Rcc1 Ndb4 19. Ba3 a5 20. f4 Rfd8 21. fxe5 Nxe5 22. Bxb4 Qd4+ 23. Nf2 axb4 24. e3 Qd6 25. d4 Nc6 26. Ne4 Qd7 27. Rxf6 Nxd4 28. Rxc8 Qxc8 29. exd4 gxf6 30. Nxf6+ Kg7 31. Qg5+ Kf7 32. Nxh7 Bf5 33. Qf6+ Kg8 34. Ng5 Qc1+ 35. Bf1 Rf8 36. Qe7 Qd1 37. Ne6 Bxe6 38. Qxe6+ Rf7 39. Qg6+ Kf8 40. Qd6+ Kg8 41. Qg6+ Kf8 42. Qd3 Qe1 43. Qe2 Qc3 44. Qc4 Qe3+ 45. Kh1 Qf3+ 46. Kg1 Qf2+ 47. Kh1 Qxf1+ 0-1

[Event "Moscow op-B 04th"]
[Site "Moscow"]
[Date "2008.02.05"]
[Round "4"]
[White "Dzyuba, Alexander"]
[Black "Yuganova, Marina"]
[Result "1-0"]
[WhiteElo "2125"]
[BlackElo "1954"]
[PlyCount "63"]
[EventDate "2008.02.02"]
[EventType "swiss"]
[EventRounds "9"]
[EventCountry "RUS"]
[SourceTitle "CBM 122 Extra"]
[Source "ChessBase"]
[SourceDate "2008.03.04"]
[SourceVersion "1"]
[SourceVersionDate "2008.03.04"]
[SourceQuality "1"]

1. e4 c5 2. Nf3 d6 3. d4 cxd4 4. Nxd4 Nf6 5. Nc3 g6 6. Be2 Bg7 7. 0-0 Nc6 8. Nb3 0-0 9. Bg5 Be6 10. f4 Rc8 11. Kh1 Na5 12. e5 Nxb3 13. exf6 exf6 14. Bxf6 Bxf6 15. axb3 a6 16. Bd3 Bd7 17. f5 Bc6 18. Qg4 Be5 19. Rad1 h5 20. Qh3 Qg5 21. Bc4 Bd7 22. Ne4 Qe7 23. f6 Qe8 24. Qe3 Kh7 25. Ng5+ Kg8 26. Nxf7 Rxc4 27. Nxe5 Rc7 28. Rxd6 Bf5 29. Qg3 Kh7 30. c3 Rc5 31. Rxf5 gxf5 32. Qg7# 1-0

[Event "Moscow op-B 04th"]
[Site "Moscow"]
[Date "2008.02.02"]
[Round "1"]
[White "Yuganova, Marina"]
[Black "Gansvind, Valeriya I"]
[Result "0-1"]
[WhiteElo "1954"]
[BlackElo "2210"]
[PlyCount "66"]
[EventDate "2008.02.02"]
[EventType "swiss"]
[EventRounds "9"]
[EventCountry "RUS"]
[SourceTitle "CBM 122 Extra"]
[Source "ChessBase"]
[SourceDate "2008.03.04"]
[SourceVersion "1"]
[SourceVersionDate "2008.03.04"]
[SourceQuality "1"]

1. c4 e5 2. Nc3 Nc6 3. g3 d6 4. Bg2 Be6 5. Nd5 g6 6. e3 Bg7 7. Ne2 Qd7 8. 0-0 f5 9. Rb1 Nd8 10. d4 c6 11. dxe5 dxe5 12. Nb4 Qxd1 13. Rxd1 Bxc4 14. Nc3 Nf6 15. Nd3 Nd7 16. e4 Ne6 17. b3 Bxd3 18. Rxd3 Ndc5 19. Rd1 Nd4 20. Ba3 Nce6 21. Kf1 Kf7 22. Rd2 Rhd8 23. Rbd1 Bf6 24. Na4 Bg5 25. Rd3 Be7 26. Bb2 Bf6 27. Ba3 Nb5 28. Bc5 Rxd3 29. Rxd3 Rd8 30. Rxd8 Bxd8 31. b4 Kf6 32. Ke1 f4 33. Kd2 b6 0-1

[Event "RUS Central Region-ch (Women) "]
[Site "Tula"]
[Date "2007.03.17"]
[Round "1"]
[White "Lomakina, Galja"]
[Black "Yuganova, Marina"]
[Result "1-0"]
[WhiteElo "2231"]
[BlackElo "1900"]
[PlyCount "87"]
[EventDate "2007.03.17"]
[EventType "swiss"]
[EventRounds "9"]
[EventCountry "RUS"]
[SourceTitle "EXT 2010"]
[Source "ChessBase"]
[SourceDate "2010.11.25"]
[SourceVersion "1"]
[SourceVersionDate "2010.11.25"]
[SourceQuality "1"]

1. Nf3 g6 2. g3 Bg7 3. Bg2 c5 4. 0-0 Nc6 5. d3 e6 6. Nbd2 Nge7 7. e4 0-0 8. c3 d5 9. Re1 b6 10. e5 Ba6 11. Nf1 Rc8 12. Bf4 h6 13. h4 Nf5 14. Bh3 b5 15. Qd2 Kh7 16. h5 g5 17. Bxf5+ exf5 18. Bxg5 hxg5 19. Nxg5+ Kg8 20. e6 Ne5 21. exf7+ Kh8 22. Rxe5 Bxe5 23. Ne6 Qf6 24. Nxf8 Rxf8 25. Nh2 d4 26. f4 Bc7 27. Nf3 Rxf7 28. Re1 Re7 29. Nh4 Rxe1+ 30. Qxe1 Qf7 31. Ng6+ Kg7 32. Qe7 dxc3 33. bxc3 Bc8 34. Qg5 Kh7 35. a3 Bd6 36. Qd8 Qg7 37. Qxd6 Bb7 38. Qe5 Qxe5 39. fxe5 Bd5 40. Nf4 Bc6 41. Kf2 a5 42. Ke3 b4 43. cxb4 cxb4 44. axb4 1-0

[Event "Moscow op 03rd"]
[Site "Moscow"]
[Date "2007.02.04"]
[Round "9"]
[White "Yuganova, Marina"]
[Black "Gvilava, Maya"]
[Result "1-0"]
[WhiteElo "1900"]
[BlackElo "2098"]
[PlyCount "67"]
[EventDate "2007.01.27"]
[EventType "swiss"]
[EventRounds "9"]
[EventCountry "RUS"]
[SourceTitle "CBM 116 Extra"]
[Source "ChessBase"]
[SourceDate "2007.03.07"]
[SourceVersion "1"]
[SourceVersionDate "2007.03.07"]
[SourceQuality "1"]

1. c4 Nf6 2. Nc3 g6 3. Nf3 Bg7 4. g3 0-0 5. Bg2 c6 6. 0-0 d5 7. cxd5 cxd5 8. d4 Nc6 9. Bf4 Qb6 10. b3 Bg4 11. Ne5 Be6 12. e3 Qa5 13. Nxc6 bxc6 14. Rc1 Rfc8 15. Na4 Nd7 16. a3 h6 17. h4 f6 18. g4 Bf7 19. b4 Qd8 20. Nc5 e5 21. Bg3 a5 22. Nb7 Qb6 23. Nxa5 exd4 24. Qxd4 c5 25. Qd2 Qe6 26. Rfd1 Qxg4 27. Bxd5 Ne5 28. Bxf7+ Kxf7 29. Qd5+ Kf8 30. Kg2 cxb4 31. Rxc8+ Rxc8 32. Rd4 Qf5 33. axb4 Rc1 34. Nb7 1-0

[Event "Moscow op 03rd"]
[Site "Moscow"]
[Date "2007.01.31"]
[Round "5"]
[White "Okara, Andrey"]
[Black "Yuganova, Marina"]
[Result "1-0"]
[WhiteElo "2358"]
[BlackElo "1900"]
[PlyCount "47"]
[EventDate "2007.01.27"]
[EventType "swiss"]
[EventRounds "9"]
[EventCountry "RUS"]
[SourceTitle "CBM 116 Extra"]
[Source "ChessBase"]
[SourceDate "2007.03.07"]
[SourceVersion "1"]
[SourceVersionDate "2007.03.07"]
[SourceQuality "1"]

1. e4 c5 2. Nf3 d6 3. d4 cxd4 4. Nxd4 Nf6 5. Nc3 g6 6. Be3 Bg7 7. f3 0-0 8. Qd2 Nc6 9. 0-0-0 Nxd4 10. Bxd4 Be6 11. Kb1 Rc8 12. g4 Bc4 13. g5 Nh5 14. Bxg7 Nxg7 15. Bxc4 Rxc4 16. e5 Nf5 17. exd6 Nxd6 18. h4 Qc8 19. h5 Qf5 20. Nd5 Re8 21. Ne3 Qxf3 22. Nxc4 Nxc4 23. Qd4 Rc8 24. Qd8+ 1-0

[Event "Moscow op 03rd"]
[Site "Moscow"]
[Date "2007.01.30"]
[Round "4"]
[White "Yuganova, Marina"]
[Black "Gabrielian, Artur"]
[Result "0-1"]
[WhiteElo "1900"]
[BlackElo "2521"]
[PlyCount "124"]
[EventDate "2007.01.27"]
[EventType "swiss"]
[EventRounds "9"]
[EventCountry "RUS"]
[SourceTitle "CBM 116 Extra"]
[Source "ChessBase"]
[SourceDate "2007.03.07"]
[SourceVersion "1"]
[SourceVersionDate "2007.03.07"]
[SourceQuality "1"]

1. c4 Nf6 2. g3 e5 3. Bg2 d5 4. cxd5 Nxd5 5. Nc3 Nb6 6. d3 Be7 7. Nf3 Nc6 8. Be3 0-0 9. 0-0 Be6 10. Ne4 Re8 11. Rc1 f6 12. Bc5 Rb8 13. Qc2 Nd7 14. Bxe7 Qxe7 15. a3 a5 16. Rfd1 Qf7 17. Ned2 Nb6 18. Qc5 Red8 19. Ne4 Bb3 20. Re1 h6 21. Qc3 Na4 22. Qd2 Bd5 23. Nc3 Nxc3 24. Qxc3 Rd7 25. Nd2 Bxg2 26. Kxg2 Qd5+ 27. Kg1 Nd4 28. Qc4 c6 29. Ne4 b6 30. Nc3 Qxc4 31. dxc4 Nb3 32. Rcd1 Rd4 33. Rxd4 exd4 34. Ne4 Re8 35. Nd6 Re6 36. Nf5 g6 37. Nh4 Nd2 38. Rc1 Rxe2 39. Nxg6 Nb3 40. Rd1 c5 41. Rb1 Rc2 42. Ne7+ Kf7 43. Nc8 d3 44. Rd1 d2 45. Kf1 Nd4 46. Kg2 Rxb2 47. Nd6+ Ke6 48. Ne4 Nb3 49. Kf3 f5 50. Nc3 Rc2 51. Nb1 Rxc4 52. Nxd2 Rc3+ 53. Ke2 Nd4+ 54. Ke1 Rxa3 55. Nc4 Rb3 56. Kd2 a4 57. f4 b5 58. Na5 Rb2+ 59. Kc3 Rc2+ 60. Kd3 Kd5 61. Re1 c4+ 62. Ke3 Rxh2 0-1